| 000 | 01054nam a22003257a 4500 | ||
|---|---|---|---|
| 003 | AR-RoUNA | ||
| 005 | 20260522114139.0 | ||
| 008 | 260521b |||||||| |||| 00| 0 spa d | ||
| 020 | _a978-88-98262-94-6 | ||
| 040 |
_aAR-RoUNA _bspa _dAR-RoUNA |
||
| 041 | _aita | ||
| 044 | _aag | ||
| 100 | 1 |
_aMoccia, Carlo _927738 |
|
| 245 | 1 | 0 |
_aTre lezioni un'ora di architettura _c/ Carlo Moccia; Renato Rizzi y Uwe Schoder |
| 250 | _a1a. ed. | ||
| 260 |
_aItalia: _bAion Edizioni Firenze, _c2021. |
||
| 300 |
_a48 p.: _bil. byn. _c17x12 cm |
||
| 505 | 0 | _tINDICE | |
| 505 | 0 | _aFederica Visconti; Renato Capozzi / Triadora: un prefacio. p. 7 | |
| 505 | 0 | _aCarlo Moccia / Arquitecura: misura de la tierra. p. 11 | |
| 505 | 0 | _tRenato Rizzi / La forma de la historia. p. 26 | |
| 505 | 0 | _tUwe Schroder / Una lección romántica. p. 34 | |
| 700 | 1 |
_aRizzi, Renato _927739 |
|
| 700 | 1 |
_aSchoder, Uwe _927740 |
|
| 908 | _aImp | ||
| 930 | _e12332 | ||
| 942 |
_2udc _cLIB |
||
| 945 | _d2026-05-21 | ||
| 980 |
_65 _aMaría Machado _81 _gMaricel Allasia |
||
| 999 |
_c12422 _d12422 |
||